Name the Title of the Song, with Hints (Melanie Martinez) - Statistics

General Stats
  • This quiz has been taken 830 times
  • The average score is 14 of 20
Answer Stats
Lyrics Song Title % Correct
Throw on your dress and put on your doll faces- Dollhouse
91%
She's getting on my nerves- Pacify Her
91%
The slice of heaven that I gave to you last night- Cake
88%
You call me on the telephone you feel so far away- Play Date
86%
Each shade from a different person's head- Mad Hatter
83%
Give me that pink slip of permission- Nurse's Office
83%
Should I give him away or feel this bad?- Class Fight
81%
Hush, little baby, drink your spoiled milk- Milk and Cookies
80%
All the makeup in the world, won't make you less insecure- Sippy Cup
79%
Promise I won't push you straight to the dirt- Training Wheels
77%
Shooting at the angels while claiming you're the good guy- The Principal
74%
Why did you steal my cotton candy heart?- Carousel
70%
You write me up and say it's love- Detention
65%
If you need a break, someone'll take your place- Recess
63%
When did humans start to separate- Brain and Heart
55%
Analyze my every move, what current state I'm in- Copy Cat
43%
Trap your books when I walk in- Test Me
43%
Why should I try to conform to formulated paths?- Numbers
42%
You must not know my heart, but I know it isn't your fault- Fire Drill
41%
I'm never gonna be what you had envisioned- Field Trip
38%
No matching quizzes found
Score Distribution
Percent of People with Each Score
Percentile by Number Answered
Your Score History
You have not taken this quiz